Coastal Waters of the World (Record no. 609090)
[ view plain ]
| 000 -LEADER | |
|---|---|
| fixed length control field | 00370nam a22001337a 4500 |
| 020 ## - INTERNATIONAL STANDARD BOOK NUMBER | |
| International Standard Book Number | 9781559633833 |
| 040 ## - CATALOGING SOURCE | |
| Transcribing agency | nust |
| 082 ## - DEWEY DECIMAL CLASSIFICATION NUMBER | |
| Classification number | 333.91 |
| Author Mark | HIN |
| 100 ## - MAIN ENTRY--PERSONAL NAME | |
| Personal name | Hinrichsen Don |
| 9 (RLIN) | 79567 |
| 245 ## - TITLE STATEMENT | |
| Title | Coastal Waters of the World |
| Remainder of title | Trends, Threats, and strategies |
| 260 ## - PUBLICATION, DISTRIBUTION, ETC. | |
| Place of publication, distribution, etc. | USA: |
| Name of publisher, distributor, etc. | Island Press, |
| Date of publication, distribution, etc. | 1998. |
| 650 ## - SUBJECT ADDED ENTRY--TOPICAL TERM | |
| Topical term or geographic name entry element | Coastal Waters of the World |
| 9 (RLIN) | 122631 |
| 942 ## - ADDED ENTRY ELEMENTS (KOHA) | |
| Source of classification or shelving scheme | |
| Koha item type | Book |
| Withdrawn status | Lost status | Source of classification or shelving scheme | Damaged status | Not for loan | Permanent Location | Current Location | Shelving location | Date acquired | Total Checkouts | Full call number | Barcode | Date last seen | Price effective from | Koha item type |
|---|---|---|---|---|---|---|---|---|---|---|---|---|---|---|
| College of Electrical & Mechanical Engineering (CEME) | College of Electrical & Mechanical Engineering (CEME) | General Stacks | 05/14/2024 | 333.91 HIN | CEME-40441 | 05/14/2024 | 05/14/2024 | Book |
